The Hound of the Baskervilles (Record no. 4228)
[ view plain ]
| 000 -LEADER | |
|---|---|
| fixed length control field | 01462cim a2200361 a 4500 |
| 001 - CONTROL NUMBER | |
| control field | 0000004398 |
| 005 - DATE AND TIME OF LATEST TRANSACTION | |
| control field | 20170406115808.0 |
| 007 - PHYSICAL DESCRIPTION FIXED FIELD--GENERAL INFORMATION | |
| fixed length control field | sdubsmennmplu |
| 008 - FIXED-LENGTH DATA ELEMENTS--GENERAL INFORMATION | |
| fixed length control field | 840724s1984 nyunnn f eng |
| 010 ## - LIBRARY OF CONGRESS CONTROL NUMBER | |
| LC control number | 83740158 |
| 028 02 - PUBLISHER NUMBER | |
| Publisher number | SBR-505 |
| Source | Caedmon |
| 035 ## - SYSTEM CONTROL NUMBER | |
| -- | (DLC) 83740158 |
| 040 ## - CATALOGING SOURCE | |
| Original cataloging agency | DLC |
| Transcribing agency | DLC |
| Modifying agency | DLC |
| 050 10 - LIBRARY OF CONGRESS CALL NUMBER | |
| Classification number | PR4622 |
| 050 00 - LIBRARY OF CONGRESS CALL NUMBER | |
| Classification number | Caedmon SBR-505 |
| 245 04 - TITLE STATEMENT | |
| Title | The Hound of the Baskervilles |
| Medium | [sound recording]. |
| 260 ## - PUBLICATION, DISTRIBUTION, ETC. | |
| Place of publication, distribution, etc. | New York, N.Y. : |
| Name of publisher, distributor, etc. | Caedmon, |
| Date of publication, distribution, etc. | p1984. |
| 300 ## - PHYSICAL DESCRIPTION | |
| Extent | 3 sound discs (172 min.) : |
| Other physical details | 33 1/3 rpm, stereo. ; |
| Dimensions | 12 in. |
| 306 ## - PLAYING TIME | |
| Playing time | 025200 |
| 500 ## - GENERAL NOTE | |
| General note | "A Novel Approach recording"--Container. |
| 500 ## - GENERAL NOTE | |
| General note | Dramatized with music and sound effects. |
| 500 ## - GENERAL NOTE | |
| General note | Adapted by Milt Wisoff. |
| 500 ## - GENERAL NOTE | |
| General note | Automatic sequence. |
| 500 ## - GENERAL NOTE | |
| General note | Notes by Milt Wisoff on container. |
| 511 1# - PARTICIPANT OR PERFORMER NOTE | |
| Participant or performer note | Nicol Williamson (Sherlock Holmes), George Rose (Dr. Watson), Caedmon Players, with Gordon Gould. |
| 520 ## - SUMMARY, ETC. | |
| Summary, etc. | A dramatic adaptation with musical accompaniment of Sir Arthur Conan Doyle's famous story. The strange death of Sir Charles Baskerville draws Sherlock Holmes to the gloomy Devon moor, where his courage and astute intellect are severely tested. |
| 700 1# - ADDED ENTRY--PERSONAL NAME | |
| Personal name | Wisoff, Milt. |
| 700 1# - ADDED ENTRY--PERSONAL NAME | |
| Personal name | Williamson, Nicol. |
| Relator code | prf. |
| 700 1# - ADDED ENTRY--PERSONAL NAME | |
| Personal name | Rose, George, |
| Dates associated with a name | 1920-1988. |
| Relator code | prf. |
| 700 1# - ADDED ENTRY--PERSONAL NAME | |
| Personal name | Doyle, Arthur Conan, |
| Dates associated with a name | 1859-1930. |
| Title of a work | Hound of the Baskervilles. |
| 710 2# - ADDED ENTRY--CORPORATE NAME | |
| Corporate name or jurisdiction name as entry element | Caedmon Players. |
| Relator code | prf. |
| 908 ## - PUT COMMAND PARAMETER (RLIN) | |
| Put command parameter | 140916 |
| Withdrawn status | Lost status | Source of classification or shelving scheme | Damaged status | Not for loan | Home library | Current library | Shelving location | Date acquired | Total Checkouts | Full call number | Barcode | Date last seen | Copy number | Price effective from | Koha item type |
|---|---|---|---|---|---|---|---|---|---|---|---|---|---|---|---|
| CUZ Harare Campus | CUZ Harare Campus | Open Shelf | 06.04.2017 | PZ 3. D772 | BK0005003 | 05.02.2018 | CU10287 | 06.04.2017 | OS Book |